| 000 | 01282cam a2200265 4500 | ||
|---|---|---|---|
| 001 | ABS62990 | ||
| 008 | 000000n2000 000 0 eng u | ||
| 035 | _a(Sirsi) u109168 | ||
| 100 | _aEade, C. | ||
| 245 | _aMagnificent seventy | ||
| 260 | _c2000 | ||
| 490 |
_aProperty Week _v65(43) 3 November 2000, 10-12(3) |
||
| 520 | _aConsiders the findings detailed in CB Hillier Parker's recently published Shopping Centre Brief. These reveal a growing polarisation in the market, with retailers making an increasing percentage of their sales from a decreasing number of shops. The research found that there are 70 favoured trading locations in the UK, and these are likely to increase in size. Shoppers' 10 favourite towns were revealed as being: central London, Glasgow, Manchester, Birmingham, Leeds, Newcastle, Nottingham, Liverpool, Cardiff and Bristol. Graphs. | ||
| 590 | _aABS | ||
| 650 | _aBRITISH COUNCIL OF SHOPPING CENTRES | ||
| 650 | _aCB HILLIER PARKER | ||
| 650 | _aSHOPPING CENTRES | ||
| 650 | _aRETAIL LOCATIONS | ||
| 650 | _aPOLARISATION | ||
| 650 | _aSURVEY | ||
| 650 | _aPROPERTY-COMMERCIAL PROPERTY-RETAIL PROPERTY-RETAIL PROPERTY MARKET | ||
| 650 | _aVERDICT RESEARCH | ||
| 690 | _aPROPERTY-COMMERCIAL PROPERTY-RETAIL PROPERTY | ||
| 942 | _n0 | ||
| 999 |
_c65182 _d65182 |
||